Physiotherapy for Respiratory and Cardiac Problems: (Record no. 738)
[ view plain ]
| 000 -LEADER | |
|---|---|
| fixed length control field | 00701nam a22002177a 4500 |
| 003 - CONTROL NUMBER IDENTIFIER | |
| control field | OSt |
| 005 - DATE AND TIME OF LATEST TRANSACTION | |
| control field | 20230119111125.0 |
| 008 - FIXED-LENGTH DATA ELEMENTS--GENERAL INFORMATION | |
| fixed length control field | 141111b xxu||||| |||| 00| 0 eng d |
| 020 ## - INTERNATIONAL STANDARD BOOK NUMBER | |
| International Standard Book Number | 9780080449852 |
| 040 ## - CATALOGING SOURCE | |
| Transcribing agency | DNLM |
| 082 ## - DEWEY DECIMAL CLASSIFICATION NUMBER | |
| Classification number | WB 469 P569j 2008 |
| 100 ## - MAIN ENTRY--PERSONAL NAME | |
| Personal name | Edited by Jennifer A Pryor; Ammani Prasad S. |
| 9 (RLIN) | 16400 |
| 245 ## - TITLE STATEMENT | |
| Title | Physiotherapy for Respiratory and Cardiac Problems: |
| Remainder of title | Adults and Paediatrics |
| 250 ## - EDITION STATEMENT | |
| Edition statement | 4th ed. |
| 260 ## - PUBLICATION, DISTRIBUTION, ETC. (IMPRINT) | |
| Place of publication, distribution, etc. | London: |
| Name of publisher, distributor, etc. | Churchil livingstone Elsevier; |
| Date of publication, distribution, etc. | 2008. |
| 300 ## - PHYSICAL DESCRIPTION | |
| Extent | xiv, 632 p : |
| Other physical details | col.ill ; |
| Dimensions | 27 cm |
| 504 ## - BIBLIOGRAPHY, ETC. NOTE | |
| Bibliography, etc | Includes Bibliographical references and Index. |
| 650 ## - SUBJECT ADDED ENTRY--TOPICAL TERM | |
| Topical term or geographic name as entry element | Physiotherapy. |
| 9 (RLIN) | 1959 |
| 650 ## - SUBJECT ADDED ENTRY--TOPICAL TERM | |
| Topical term or geographic name as entry element | Respiratory cardiology |
| 9 (RLIN) | 16401 |
| 942 ## - ADDED ENTRY ELEMENTS (KOHA) | |
| Source of classification or shelving scheme | Other/Generic Classification Scheme |
| Koha item type | Short Loan |
| Withdrawn status | Lost status | Source of classification or shelving scheme | Damaged status | Not for loan | Home library | Current library | Date acquired | Source of acquisition | Inventory number | Total Checkouts | Full call number | Barcode | Date last seen | Koha item type |
|---|---|---|---|---|---|---|---|---|---|---|---|---|---|---|
| Other/Generic Classification Scheme | MUST Main Library | MUST Main Library | 11/11/2014 | 14/37885 | WB 469 P569j 2008 | 2014-3348 | 11/11/2014 | Short Loan | ||||||
| Other/Generic Classification Scheme | MUST Main Library | MUST Main Library | 15/07/2015 | 15/37883 | WB 469 P569j 2008 | 2015-2097 | 15/07/2015 | Short Loan | ||||||
| Other/Generic Classification Scheme | MUST Main Library | MUST Main Library | 17/01/2017 | 14/37884 | WB 469 P569j 2008 | 2017-0023 | 17/01/2017 | Open Shelf |
